Central Library || Chittagong University

Epics , myths and legends of India : (Record no. 112109)

MARC details
000 -LEADER
fixed length control field 00588nam a22001817a 4500
003 - CONTROL NUMBER IDENTIFIER
control field BD-ChCU
005 - DATE AND TIME OF LATEST TRANSACTION
control field 20260407115554.0
008 - FIXED-LENGTH DATA ELEMENTS--GENERAL INFORMATION
fixed length control field 260407b bg ||||| |||| 00| 0 ben d
040 ## - CATALOGING SOURCE
Transcribing agency BD-ChCU
082 ## - DEWEY DECIMAL CLASSIFICATION NUMBER
Classification number REF 294 THE (14)
100 ## - MAIN ENTRY--PERSONAL NAME
Personal name Thomas , P.
9 (RLIN) 21289
245 ## - TITLE STATEMENT
Title Epics , myths and legends of India :
Remainder of title a comprehensive survey of the sacred lore of the Hindus ,Buddhists and Jains ./
Statement of responsibility, etc. P. Thomas .
250 ## - EDITION STATEMENT
Edition statement 14th ed.
260 ## - PUBLICATION, DISTRIBUTION, ETC.
Place of publication, distribution, etc. Bombay :
Name of publisher, distributor, etc. D.B. Taraporevala
Date of publication, distribution, etc. C 1980
300 ## - PHYSICAL DESCRIPTION
Extent xi , 152p.
650 #0 - SUBJECT ADDED ENTRY--TOPICAL TERM
Topical term or geographic name entry element Buddhism . Hinduism . Mythology .
9 (RLIN) 21294
942 ## - ADDED ENTRY ELEMENTS (KOHA)
Source of classification or shelving scheme Dewey Decimal Classification
Koha item type Books
Suppress in OPAC No
Holdings
Withdrawn status Lost status Source of classification or shelving scheme Damaged status Not for loan Home library Current library Shelving location Date acquired Source of acquisition Total Checkouts Full call number Barcode Date last seen Copy number Price effective from Koha item type
    Dewey Decimal Classification     Chittagong University Library Chittagong University Library Reference 04/07/2026 Purchase   REF 294 THE (14) 110709 04/07/2026 C-1 04/07/2026 Books
© Copyright 2026. Chittagong University Library, Installation and Maintenance by Prof. Dr. Md. Alamgir, 01711306253